The business analysis handbook: (Record no. 2598)

MARC details
000 -LEADER
fixed length control field 00701nam a22002057a 4500
005 - DATE AND TIME OF LATEST TRANSACTION
control field 20260415102556.0
008 - FIXED-LENGTH DATA ELEMENTS--GENERAL INFORMATION
fixed length control field 260415b |||||||| |||| 00| 0 eng d
020 ## - INTERNATIONAL STANDARD BOOK NUMBER
International Standard Book Number 978-1-3986-1012-5
082 ## - DEWEY DECIMAL CLASSIFICATION NUMBER
Classification number 658 W785 2023
100 ## - MAIN ENTRY--PERSONAL NAME
Personal name Winter, Helen
9 (RLIN) 493
245 ## - TITLE STATEMENT
Title The business analysis handbook:
Remainder of title techniques to deliver better business outcomes /
Statement of responsibility, etc. Helen Winter
250 ## - EDITION STATEMENT
Edition statement 2nd ed
260 ## - PUBLICATION, DISTRIBUTION, ETC.
Place of publication, distribution, etc. London:
Name of publisher, distributor, etc. Kogan Page,
Date of publication, distribution, etc. c2023
300 ## - PHYSICAL DESCRIPTION
Extent x, 319p.:
Other physical details ill.
504 ## - BIBLIOGRAPHY, ETC. NOTE
Bibliography, etc. note Includes index
541 ## - IMMEDIATE SOURCE OF ACQUISITION NOTE
Accession number 8005 c.1
650 ## - SUBJECT ADDED ENTRY--TOPICAL TERM
Topical term or geographic name entry element Business analysts - Handbooks, manuals, etc.
9 (RLIN) 494
650 ## - SUBJECT ADDED ENTRY--TOPICAL TERM
Topical term or geographic name entry element Strategic planning - Handbooks, manuals, etc.
9 (RLIN) 495
650 ## - SUBJECT ADDED ENTRY--TOPICAL TERM
Topical term or geographic name entry element Project management - Handbooks, manuals, etc.
9 (RLIN) 496
Holdings
Withdrawn status Lost status Source of classification or shelving scheme Damaged status Not for loan Home library Current library Date acquired Total Checkouts Full call number Barcode Date last seen Copy number Price effective from Koha item type
    Dewey Decimal Classification     ctu-moalboal ctu-moalboal 11/28/2024   658 W785 2023 8005 04/15/2026 1 04/15/2026 Books-Reference